000 00294 a2200121 4500
001 86479
082 _a428.24071 SHA
090 _c40652
_d40652
100 _aShankar Prem
245 _aTeaching of English
_hEnglish
260 _aIndia
_bAPH Publishing corporation
_c2010
300 _avii 365p.
942 _aAHQ
_k428.24071 SHA
999 _c321552
_d321552